[Event "Annex CC Seeing Shadows U1800"]
[Site "Toronto CAN"]
[Date "2026.01.19"]
[Round "2.30"]
[White "Guenther, Geoff"]
[Black "McManus, Scott"]
[Result "1-0"]
[WhiteElo "1552"]
[BlackElo "1388"]
[WhiteFideId "-1"]
[BlackFideId "-1"]
[PlyCount "61"]
[GameId "2275267488189911"]
[EventDate "2026.01.12"]
[EventType "swiss"]
[EventRounds "5"]
[EventCountry "CAN"]

1. e4 e6 2. d4 d5 3. Nd2 dxe4 4. Nxe4 Nd7 5. Nf3 Ngf6 6. Nxf6+ Nxf6 7. Be2 Be7 8. O-O O-O 9. Bf4 b6 10. Bb5 Bb7 11. c4 a6 12. Ba4 Bxf3 13. gxf3 Bd6 14. Bg3 Nh5 15. Bc6 Nxg3 16. hxg3 Rb8 17. Kg2 Qg5 18. Rh1 Rbd8 19. Qe2 Bxg3 20. fxg3 Rxd4 21. Rad1 Rfd8 22. Rxd4 Rxd4 23. Rd1 Rxd1 24. Qxd1 h5 25. Qd7 Qe5 26. Qe8+ Kh7 27. Qxf7 Qe2+ 28. Kh3 Qf1+ 29. Kh4 Qxc4+ 30. Be4+ Kh8 31. Qf8# 1-0

[Event "Annex CC Seeing Shadows U1800"]
[Site "Toronto CAN"]
[Date "2026.01.19"]
[Round "2.15"]
[White "Li, Yeeshuen"]
[Black "Saltat, Michael"]
[Result "1-0"]
[WhiteElo "1567"]
[BlackElo "1711"]
[WhiteFideId "-1"]
[BlackFideId "-1"]
[PlyCount "39"]
[GameId "2275269308850572"]
[EventDate "2026.01.12"]
[EventType "swiss"]
[EventRounds "5"]
[EventCountry "CAN"]

1. e4 d5 2. exd5 Qxd5 3. Nc3 Qa5 4. d4 Nf6 5. Bd2 c6 6. Nf3 Bg4 7. Be2 Nbd7 8. Ne4 Qc7 9. Ng3 e6 10. h3 Bxf3 11. Bxf3 Bd6 12. Ne4 Nxe4 13. Bxe4 Nf6 14. Bd3 Qb6 15. c3 O-O-O 16. Qc2 e5 17. O-O-O exd4 18. cxd4 Kb8 19. Qa4 Nd5 20. Ba5 1-0

[Event "Annex CC Seeing Shadows U1800"]
[Site "Toronto CAN"]
[Date "2026.01.19"]
[Round "2.31"]
[White "Natanasundaram, Muthukumaran"]
[Black "Hui, Tina"]
[Result "0-1"]
[WhiteElo "1320"]
[BlackElo "1534"]
[WhiteFideId "-1"]
[BlackFideId "-1"]
[PlyCount "104"]
[GameId "2275620978173345"]
[EventDate "2026.01.12"]
[EventType "swiss"]
[EventRounds "5"]
[EventCountry "CAN"]

1. c4 e5 2. g3 c6 3. Bg2 Nf6 4. a3 d5 5. cxd5 cxd5 6. d3 Nc6 7. e3 Bf5 8. Nf3 Bd6 9. O-O Qd7 10. Nc3 O-O-O 11. Re1 Bh3 12. b4 Bxg2 13. Kxg2 h5 14. h3 Bc7 15. Nb5 a6 16. Nxc7 Qxc7 17. Bb2 Qe7 18. Rc1 Kb8 19. Qa4 e4 20. dxe4 Qxe4 21. Qd1 h4 22. Kf1 hxg3 23. Ng5 Qf5 24. f4 Ne4 25. Qg4 Qxg4 26. hxg4 Nxg5 27. Bxg7 Rh1+ 28. Kg2 Rxe1 29. Rxe1 Ne6 30. Bf6 Rd7 31. Rh1 Kc7 32. f5 Ned8 33. g5 Ne7 34. Rh7 Nxf5 35. Be5+ Kc6 36. Bf4 Ne6 37. Rh8 Nxf4+ 38. exf4 d4 39. Rc8+ Kd5 40. Rc5+ Ke6 41. Re5+ Kd6 42. Rxf5 d3 43. Kf3 d2 44. Ke2 d1=Q+ 45. Kxd1 Ke6+ 46. Ke2 Kxf5 47. Kf3 Rd3+ 48. Kg2 Rxa3 49. g6 fxg6 50. b5 Kxf4 51. bxa6 bxa6 52. Kg1 Kf3 0-1

[Event "Annex CC Seeing Shadows U1800"]
[Site "Toronto CAN"]
[Date "2026.01.12"]
[Round "1.43"]
[White "Saltat, Michael"]
[Black "Gaffney, Kevin"]
[Result "1-0"]
[WhiteElo "1711"]
[BlackElo "1594"]
[WhiteFideId "-1"]
[BlackFideId "-1"]
[PlyCount "31"]
[GameId "2275801725342418"]
[EventDate "2026.01.12"]
[EventType "swiss"]
[EventRounds "5"]
[EventCountry "CAN"]

1. e4 e5 2. Nf3 Nc6 3. Nc3 Nf6 4. Bb5 Bc5 5. Nxe5 Nxe5 6. d4 Bd6 7. dxe5 Bxe5 8. f4 Bxc3+ 9. bxc3 Nxe4 10. Qd4 Nf6 11. Ba3 Ng8 12. Qxg7 Qh4+ 13. g3 Qh6 14. Qxh8 Qe6+ 15. Kf1 f5 16. Re1 1-0

[Event "Annex CC Seeing Shadows U1800"]
[Site "Toronto CAN"]
[Date "2026.01.12"]
[Round "1.20"]
[White "Cabioc, Jose"]
[Black "Timusk, Thomas"]
[Result "1-0"]
[WhiteElo "1629"]
[BlackElo "1504"]
[WhiteFideId "-1"]
[BlackFideId "-1"]
[PlyCount "123"]
[GameId "2275986982648074"]
[EventDate "2026.01.12"]
[EventType "swiss"]
[EventRounds "5"]
[EventCountry "CAN"]

1. e4 e5 2. Nf3 Nc6 3. Bc4 Nf6 4. Ng5 d5 5. exd5 Na5 6. Bb5+ c6 7. dxc6 bxc6 8. Be2 h6 9. Nf3 e4 10. Ne5 Bc5 11. c3 Bd6 12. d4 exd3 13. Nxd3 O-O 14. O-O Bb7 15. Bf3 Qc7 16. g3 Rad8 17. Qc2 Nc4 18. Nd2 Ne5 19. Nxe5 Bxe5 20. Nb3 Rfe8 21. Be3 Bc8 22. Rfe1 Nd5 23. Bd4 Bh3 24. Re2 Re7 25. Rae1 Rde8 26. Bxe5 Rxe5 27. Rxe5 Rxe5 28. Rxe5 Qxe5 29. Qe4 Qxe4 30. Bxe4 Kf8 31. Nd4 Bd7 32. a3 Ke7 33. Kf1 Kd6 34. Bf5 c5 35. Bxd7 cxd4 36. Be8 dxc3 37. bxc3 f6 38. c4 Nb6 39. Ke2 Nxc4 40. a4 Kc5 41. Kd3 Kb4 42. Kd4 Nb6 43. Ke4 Nxa4 44. Kf5 Nc5 45. Kg6 Ne6 46. Bf7 Ng5 47. Bg8 Ne4 48. f4 a5 49. Kxg7 h5 50. Bd5 Nc3 51. Bf7 a4 52. Kxf6 a3 53. Ke5 Kc5 54. f5 Nb5 55. f6 Nd6 56. Ba2 Kc6 57. f7 Nxf7+ 58. Bxf7 h4 59. gxh4 Kd7 60. Kf6 a2 61. Bxa2 Ke8 62. Kg7 1-0

[Event "Annex CC Seeing Shadows U1800"]
[Site "Toronto CAN"]
[Date "2026.01.12"]
[Round "1.17"]
[White "Hui, Tina"]
[Black "Moran-Venegas, Mario"]
[Result "0-1"]
[WhiteElo "1534"]
[BlackElo "1699"]
[WhiteFideId "-1"]
[BlackFideId "-1"]
[PlyCount "88"]
[GameId "2275985397040533"]
[EventDate "2026.01.12"]
[EventType "swiss"]
[EventRounds "5"]
[EventCountry "CAN"]

1. b3 c5 2. Bb2 Nc6 3. Nf3 d5 4. e3 Nf6 5. Bb5 g6 6. Nc3 Bg7 7. d3 O-O 8. Bxc6 bxc6 9. Qd2 d4 10. exd4 cxd4 11. Ne2 c5 12. O-O Bb7 13. Ng3 Nd5 14. Rfe1 Qc7 15. h4 Nf4 16. Qd1 e6 17. Bc1 Nd5 18. Bd2 h5 19. Ng5 Nf4 20. Bxf4 Qxf4 21. Nf3 Bxf3 22. Qxf3 Qxf3 23. gxf3 Bf6 24. Re4 a5 25. a4 Rae8 26. Rae1 Re7 27. Kg2 Rfe8 28. Kh3 Kg7 29. R4e2 Rd7 30. Ne4 Rd5 31. f4 Bd8 32. Ng5 Bc7 33. Kg3 Red8 34. Kf3 Rf5 35. Re4 Rdd5 36. Nh3 Kf6 37. Rg1 e5 38. Rg5 exf4 39. Rxf5+ Rxf5 40. Nxf4 g5 41. hxg5+ Kxg5 42. Ke2 Bxf4 43. Re7 Re5+ 44. Rxe5+ Bxe5 0-1

[Event "Annex CC Seeing Shadows U1800"]
[Site "Toronto CAN"]
[Date "2026.01.12"]
[Round "1.16"]
[White "Stein, Michael"]
[Black "Cushman, Tony"]
[Result "1/2-1/2"]
[WhiteElo "1716"]
[BlackElo "1534"]
[WhiteFideId "-1"]
[BlackFideId "-1"]
[PlyCount "82"]
[GameId "2275987278776591"]
[EventDate "2026.01.12"]
[EventType "swiss"]
[EventRounds "5"]
[EventCountry "CAN"]

1. d4 d5 2. c4 e6 3. cxd5 exd5 4. Nc3 Bb4 5. Nf3 h6 6. Qa4+ Nc6 7. Ne5 Bxc3+ 8. bxc3 Nge7 9. Ba3 O-O 10. Nxc6 bxc6 11. Bxe7 Qxe7 12. Qxc6 Be6 13. Qa4 c5 14. Qc2 cxd4 15. cxd4 Rfc8 16. Qd2 Rc7 17. e3 Rac8 18. Bd3 Qg5 19. O-O Bh3 20. f4 Qh4 21. Kh1 Rc3 22. gxh3 Qxh3 23. Rac1 Rxc1 24. Rxc1 Qf3+ 25. Kg1 Qg4+ 26. Kf2 Qh4+ 27. Kf1 Qh3+ 28. Ke1 Qh4+ 29. Kd1 Qg4+ 30. Qe2 Qg1+ 31. Qf1 Rxc1+ 32. Kxc1 Qxe3+ 33. Kb1 Qxd4 34. Qe2 Qb4+ 35. Qb2 Qe1+ 36. Kc2 Qf2+ 37. Kb1 Qg1+ 38. Qc1 Qb6+ 39. Qb2 Qg1+ 40. Qc1 Qb6+ 41. Qb2 Qg1+ 1/2-1/2

[Event "Annex CC Seeing Shadows U1800"]
[Site "Toronto CAN"]
[Date "2026.01.12"]
[Round "1.18"]
[White "Kravchenko, Mykola"]
[Black "Nelson, Mark"]
[Result "0-1"]
[WhiteElo "1665"]
[BlackElo "1516"]
[WhiteFideId "-1"]
[BlackFideId "-1"]
[PlyCount "119"]
[GameId "2276394984481423"]
[EventDate "2026.01.12"]
[EventType "swiss"]
[EventRounds "5"]
[EventCountry "CAN"]

1. e4 g6 2. d4 d6 3. Nf3 Bg7 4. Nc3 e6 5. Bg5 Ne7 6. Bb5+ Nd7 7. O-O h6 8. Bh4 a6 9. Bc4 b6 10. d5 e5 11. a3 O-O 12. Na2 f5 13. exf5 gxf5 14. Nb4 Bf6 15. Nc6 Qe8 16. Qd2 Kh7 17. Bxf6 Nxf6 18. Nh4 Nxc6 19. dxc6 Qxc6 20. Bd3 e4 21. Be2 Rg8 22. f3 d5 23. Qf4 Nh5 24. Qd2 Nf6 25. fxe4 Qc5+ 26. Kh1 dxe4 27. b4 Qc6 28. Nxf5 Bxf5 29. Rxf5 e3 30. Bf3 Qxf3 31. Rxf3 exd2 32. Rxf6 Rae8 33. Rff1 Rgf8 34. Kg1 Kg7 35. Rad1 Re2 36. Rxf8 Kxf8 37. Kf1 Re3 38. Rxd2 Rxa3 39. Ke2 a5 40. bxa5 Rxa5 41. Rd7 Rc5 42. Kd3 Ke8 43. Rh7 h5 44. c4 Kd8 45. Kd4 Rg5 46. g3 Rg4+ 47. Kd5 Rg5+ 48. Ke6 Kc8 49. Kf6 Rc5 50. h3 Rc6+ 51. Ke7 Rc5 52. g4 hxg4 53. hxg4 Rg5 54. Rh4 Re5+ 55. Kf6 Re4 56. Rh8+ Kd7 57. g5 Re7 58. g6 Re6+ 59. Kf5 Re8 60. g7 0-1

[Event "Annex CC Seeing Shadows U1800"]
[Site "Toronto CAN"]
[Date "2026.01.12"]
[Round "1.42"]
[White "Greig, Ian"]
[Black "Abbarin, Shabnam"]
[Result "1/2-1/2"]
[WhiteElo "1549"]
[BlackElo "1609"]
[WhiteFideId "-1"]
[BlackFideId "-1"]
[PlyCount "91"]
[GameId "2276024788541513"]
[EventDate "2026.01.12"]
[EventType "swiss"]
[EventRounds "5"]
[EventCountry "CAN"]

1. c4 Nf6 2. Nf3 c5 3. g3 Nc6 4. Bg2 d5 5. cxd5 Nxd5 6. O-O e5 7. d3 Be7 8. a3 Be6 9. Nbd2 h5 10. Nc4 f6 11. Nh4 g5 12. Ng6 Rh7 13. Nxe7 Ndxe7 14. b4 cxb4 15. axb4 Qd7 16. Ba3 Bh3 17. Nd6+ Kf8 18. Bxh3 Qxh3 19. b5 Nd4 20. e3 h4 21. Ra2 Ndf5 22. Qf3 Nxd6 23. Qxf6+ Nf7 24. Bxe7+ Kg8 25. Qg6+ Rg7 26. Qe4 Qe6 27. Qxb7 Re8 28. Rxa7 Nd6 29. Qd7 Rgxe7 30. Qxe6+ Rxe6 31. Rb1 Rb8 32. Ra5 Nc8 33. Kg2 Reb6 34. Kf3 Kf7 35. Ke4 Ke6 36. Rc1 Nd6+ 37. Kf3 Rxb5 38. Rxb5 Rxb5 39. Kg4 hxg3 40. hxg3 Rb2 41. f4 gxf4 42. gxf4 Rb4 43. Rf1 Nf5 44. Rf3 e4 45. dxe4 Rxe4 46. Kg5 1/2-1/2

[Event "Annex CC Seeing Shadows U1800"]
[Site "Toronto CAN"]
[Date "2026.01.12"]
[Round "1.41"]
[White "Noens, Andrew"]
[Black "Shon, Kathryn"]
[Result "0-1"]
[WhiteElo "962"]
[BlackElo "1455"]
[WhiteFideId "-1"]
[BlackFideId "-1"]
[PlyCount "58"]
[GameId "2276026890858577"]
[EventDate "2026.01.12"]
[EventType "swiss"]
[EventRounds "5"]
[EventCountry "CAN"]

1. e4 c5 2. Nc3 Nc6 3. Bc4 Nf6 4. Nf3 d6 5. Ng5 e6 6. d3 a6 7. O-O b5 8. Bb3 Be7 9. a3 O-O 10. Be3 d5 11. exd5 exd5 12. Qf3 h6 13. Nxd5 Nxd5 14. Bxd5 Bxg5 15. Bxc5 Be7 16. Bxe7 Qxe7 17. Bxc6 Rb8 18. Rae1 Qc5 19. Re2 Qd4 20. Re8 Rxe8 21. Bxe8 Be6 22. Qc6 Rc8 23. Bxf7+ Kxf7 24. Qb7+ Qd7 25. Qxa6 Rxc2 26. b4 Qxd3 27. Re1 Re2 28. Rxe2 Qd1+ 29. Re1 Qxe1# 0-1

[Event "Annex CC Seeing Shadows U1800"]
[Site "Toronto CAN"]
[Date "2026.02.12"]
[Round "1.30"]
[White "Velazquez, Alex"]
[Black "Natanasundaram, Muthukumaran"]
[Result "1-0"]
[WhiteElo "1549"]
[BlackElo "1320"]
[WhiteFideId "-1"]
[BlackFideId "-1"]
[PlyCount "67"]
[GameId "2276034365865222"]
[EventDate "2026.01.12"]
[EventType "swiss"]
[EventRounds "5"]
[EventCountry "CAN"]

1. e4 c5 2. Nf3 d6 3. d4 cxd4 4. Nxd4 a6 5. Nc3 e6 6. Be3 Be7 7. Qd2 b5 8. Bd3 Nf6 9. f3 O-O 10. O-O-O Qc7 11. g4 e5 12. Nf5 Bxf5 13. gxf5 Kh8 14. Rhg1 Nbd7 15. Qg2 Rg8 16. Bg5 Nb6 17. f4 b4 18. Nd5 Nfxd5 19. exd5 f6 20. Bh4 Qc5 21. fxe5 dxe5 22. Bf2 Qc7 23. Bxb6 Qxb6 24. d6 Bxd6 25. Bc4 Bc5 26. Bxg8 Rxg8 27. Rgf1 a5 28. Rd7 Be3+ 29. Kb1 Qb5 30. Rfd1 Bd4 31. Rb7 Qc4 32. Rd3 a4 33. Rh3 b3 34. Rxh7+ 1-0

[Event "Annex CC Seeing Shadows U1800"]
[Site "Toronto CAN"]
[Date "2026.01.12"]
[Round "1.29"]
[White "Putta, Tilak"]
[Black "Guenther, Geoff"]
[Result "1-0"]
[WhiteElo "1323"]
[BlackElo "1552"]
[WhiteFideId "-1"]
[BlackFideId "-1"]
[PlyCount "97"]
[GameId "2276057522351374"]
[EventDate "2026.01.12"]
[EventType "swiss"]
[EventRounds "5"]
[EventCountry "CAN"]

1. d4 d6 2. Bf4 Nf6 3. e3 g6 4. Nc3 Bg7 5. e4 c6 6. Qd2 O-O 7. O-O-O b5 8. f3 Qa5 9. Kb1 Nbd7 10. Bh6 Nb6 11. Bxg7 Kxg7 12. h4 b4 13. Nce2 Nc4 14. Qe1 e5 15. Nc1 Be6 16. Bxc4 Bxc4 17. g4 h5 18. g5 Nd7 19. Nge2 Qb6 20. f4 exf4 21. Nxf4 Rfe8 22. Qe3 d5 23. Qh3 Rad8 24. e5 Nf8 25. Qf3 c5 26. c3 bxc3 27. Qxc3 Ne6 28. dxc5 Qc7 29. Nxe6+ Rxe6 30. Rhe1 a5 31. Nd3 Bxd3+ 32. Rxd3 Kg8 33. Rf3 d4 34. Qc4 d3 35. Rxd3 Rxd3 36. Qxd3 Qxc5 37. a3 Qf2 38. Qd8+ Kg7 39. Qxa5 Qxh4 40. Qd2 Qg3 41. Qe3 h4 42. Qxg3 hxg3 43. Rg1 Rxe5 44. Rxg3 f5 45. gxf6+ Kxf6 46. Kc2 g5 47. Kc3 Kf5 48. Kd3 Re4 49. Rxg5+ 1-0

[Event "Annex CC Seeing Shadows U1800"]
[Site "Toronto CAN"]
[Date "2026.01.12"]
[Round "1.28"]
[White "Minhas, Usman"]
[Black "Denning, Caitlin"]
[Result "1-0"]
[WhiteElo "1558"]
[BlackElo "1329"]
[WhiteFideId "-1"]
[BlackFideId "-1"]
[PlyCount "81"]
[GameId "2276061522959641"]
[EventDate "2026.01.12"]
[EventType "swiss"]
[EventRounds "5"]
[EventCountry "CAN"]

1. d4 Nf6 2. c4 g6 3. Nc3 Bg7 4. Nf3 d5 5. cxd5 Nxd5 6. e4 Nxc3 7. bxc3 O-O 8. Be2 c5 9. O-O Bg4 10. Be3 Qa5 11. Qb3 Qc7 12. Rac1 Nc6 13. d5 Ne5 14. Qd1 Nxf3+ 15. Bxf3 Bxf3 16. Qxf3 b6 17. c4 Rad8 18. Qe2 e6 19. f4 exd5 20. cxd5 Rfe8 21. Qc4 Qd7 22. Rfd1 Qe7 23. e5 Kh8 24. Bf2 f5 25. a4 Bh6 26. g3 Qb7 27. d6 Bf8 28. Rd3 Qc6 29. Rcd1 Qd7 30. Re1 Re6 31. a5 Rb8 32. Rb3 Ree8 33. axb6 axb6 34. Reb1 Rec8 35. Rxb6 Rxb6 36. Rxb6 Rc6 37. Rxc6 Qxc6 38. Qxc5 Qb7 39. Qb6 Qd5 40. Qd4 Qxd4 41. Bxd4 1-0

[Event "Annex CC Seeing Shadows U1800"]
[Site "Toronto CAN"]
[Date "2026.01.12"]
[Round "1.27"]
[White "McManus, Scott"]
[Black "Dixon, Javier"]
[Result "0-1"]
[WhiteElo "1388"]
[BlackElo "1558"]
[WhiteFideId "-1"]
[BlackFideId "-1"]
[PlyCount "98"]
[GameId "2276394984481424"]
[EventDate "2026.01.12"]
[EventType "swiss"]
[EventRounds "5"]
[EventCountry "CAN"]

1. e4 g6 2. d4 Bg7 3. Nc3 c5 4. Nf3 cxd4 5. Nxd4 Nc6 6. Nxc6 bxc6 7. Bc4 Qa5 8. Bd2 Qb4 9. Bd3 Rb8 10. O-O Qd6 11. Rb1 Nf6 12. f4 Qc5+ 13. Kh1 d6 14. Qf3 O-O 15. Be3 Qa5 16. h3 Nh5 17. g4 Nf6 18. e5 dxe5 19. fxe5 Nd7 20. Qg3 Nxe5 21. Bf4 Bb7 22. Rfe1 Nxd3 23. Bxb8 Nxe1 24. Rxe1 c5+ 25. Kg1 Bd4+ 26. Kh2 Bxc3 27. bxc3 Qxa2 28. Re2 Qd5 29. Qe5 Qxe5+ 30. Bxe5 f6 31. Bg3 Kf7 32. Bf2 Rc8 33. Rd2 Ke8 34. Be3 g5 35. Kg3 a5 36. Rd1 c4 37. h4 h6 38. hxg5 hxg5 39. Bb6 a4 40. Ra1 Ra8 41. Bc5 Kf7 42. Ba3 e6 43. Rb1 Be4 44. Rb4 Bxc2 45. Rxc4 Bb3 46. Rc7+ Kg6 47. c4 Rb8 48. c5 Bd5 49. Ra7 Rb3+ 0-1

[Event "Annex CC Seeing Shadows U1800"]
[Site "Toronto CAN"]
[Date "2026.01.12"]
[Round "1.26"]
[White "Sheetz, Nathan"]
[Black "Walker, John"]
[Result "1-0"]
[WhiteElo "1582"]
[BlackElo "1589"]
[WhiteFideId "-1"]
[BlackFideId "-1"]
[PlyCount "95"]
[GameId "2276127773515874"]
[EventDate "2026.01.12"]
[EventType "swiss"]
[EventRounds "5"]
[EventCountry "CAN"]

1. e4 d6 2. Be2 e5 3. d3 Nf6 4. f4 Nbd7 5. Nf3 c6 6. O-O Be7 7. Kh1 O-O 8. Qe1 Re8 9. Nc3 a5 10. fxe5 dxe5 11. a3 Qc7 12. Nh4 Nc5 13. Qg3 Be6 14. Bh6 g6 15. Rf2 Nfd7 16. Raf1 Nf8 17. d4 Qd8 18. Qxe5 f6 19. Rxf6 Bxf6 20. Rxf6 Qe7 21. Bxf8 Rxf8 22. Rxf8+ Rxf8 23. dxc5 Qxh4 24. Qxe6+ Kg7 25. Qe5+ Kh6 26. g3 Qh3 27. Qd4 Rf7 28. Kg1 Rd7 29. Qf2 Kg7 30. e5 Qe6 31. Qf4 Re7 32. Bd3 Qxe5 33. Qxe5+ Rxe5 34. Ne4 Rf5 35. b4 axb4 36. axb4 Rf7 37. Kg2 h6 38. Nd6 Rd7 39. Kf3 Re7 40. c4 Kf6 41. b5 g5 42. Be4 Ke5 43. Ke3 cxb5 44. cxb5 Rc7 45. Nxb7 Rf7 46. c6 Rf1 47. Bd3 Rf7 48. b6 1-0

[Event "Annex CC Seeing Shadows U1800"]
[Site "Toronto CAN"]
[Date "2026.01.12"]
[Round "1.25"]
[White "Michaels, Jonathan"]
[Black "Ecksel, Scott"]
[Result "0-1"]
[WhiteElo "1459"]
[BlackElo "1597"]
[WhiteFideId "-1"]
[BlackFideId "-1"]
[PlyCount "116"]
[GameId "2276130679451754"]
[EventDate "2026.01.12"]
[EventType "swiss"]
[EventRounds "5"]
[EventCountry "CAN"]

1. e4 c6 2. d4 d5 3. Nc3 dxe4 4. Nxe4 Nd7 5. Nf3 Ngf6 6. Bd3 Nxe4 7. Bxe4 Nf6 8. Bd3 Bg4 9. c3 Qd5 10. Be2 e6 11. Bf4 Be7 12. O-O O-O 13. Re1 Rad8 14. c4 Qa5 15. a3 c5 16. b4 cxb4 17. axb4 Qxb4 18. Rxa7 Ra8 19. Rxa8 Rxa8 20. Qb1 Ra4 21. Rc1 Qxb1 22. Rxb1 Rb4 23. Rxb4 Bxb4 24. h3 Bf5 25. g4 Bc2 26. Bd2 Be7 27. Ba5 Nd7 28. Nd2 b6 29. Bc3 Bf6 30. Bf3 Kf8 31. Bb4+ Ke8 32. d5 exd5 33. Bxd5 Nc5 34. Bxc5 bxc5 35. Ne4 Bd4 36. Nd6+ Ke7 37. Nxf7 h6 38. Kg2 Bg6 39. Nh8 Be8 40. f4 g6 41. Nxg6+ Bxg6 42. f5 Bf7 43. Bxf7 Kxf7 44. Kf3 Kf6 45. h4 h5 46. gxh5 Kxf5 47. Kg3 Bg7 48. Kf3 Bh6 49. Kg3 Ke4 50. Kg4 Ke5 51. Kf3 Kd4 52. Kg4 Kxc4 53. Kf5 Kd3 54. Kg6 Be3 55. h6 Bd4 56. h7 c4 57. Kf7 c3 58. Kg8 c2 0-1

[Event "Annex CC Seeing Shadows U1800"]
[Site "Toronto CAN"]
[Date "2026.01.12"]
[Round "1.24"]
[White "Chavez, Alexander"]
[Black "Dolderman, Clara"]
[Result "1/2-1/2"]
[WhiteElo "1600"]
[BlackElo "1466"]
[WhiteFideId "-1"]
[BlackFideId "-1"]
[PlyCount "91"]
[GameId "2276146955883554"]
[EventDate "2026.01.12"]
[EventType "swiss"]
[EventRounds "5"]
[EventCountry "CAN"]

1. e4 e6 2. d4 d5 3. Nd2 c5 4. dxc5 Bxc5 5. Nb3 Bb6 6. exd5 Qxd5 7. Qxd5 exd5 8. Bf4 Nf6 9. f3 O-O 10. O-O-O Nc6 11. g4 Be6 12. Bd3 Rac8 13. a3 Nd7 14. Re1 Nc5 15. Nxc5 Bxc5 16. Ne2 a6 17. h4 Nd4 18. Nxd4 Bxd4 19. g5 Rfe8 20. h5 Bd7 21. g6 hxg6 22. hxg6 Rxe1+ 23. Rxe1 Re8 24. gxf7+ Kxf7 25. Rd1 Kf6 26. Bxa6 Bxb2+ 27. Kxb2 bxa6 28. Rxd5 Bb5 29. Bg5+ Ke6 30. Rd4 Kf5 31. f4 Rc8 32. Kb3 Rb8 33. Rb4 a5 34. Rd4 a4+ 35. Kc3 Rb7 36. Rb4 Rc7+ 37. Kb2 Bd7 38. c4 Bc6 39. Rb6 Rb7 40. c5 Rxb6+ 41. cxb6 g6 42. Kc3 Ke6 43. Bd8 Kd7 44. Bc7 Kc8 45. Kd4 Kb7 46. Kc5 1/2-1/2

[Event "Annex CC Seeing Shadows U1800"]
[Site "Toronto CAN"]
[Date "2026.01.12"]
[Round "1.23"]
[White "Rehdner, Preston"]
[Black "Jevtic, Dragan"]
[Result "0-1"]
[WhiteElo "1477"]
[BlackElo "1607"]
[WhiteFideId "-1"]
[BlackFideId "-1"]
[PlyCount "44"]
[GameId "2276344673817648"]
[EventDate "2026.01.12"]
[EventType "swiss"]
[EventRounds "5"]
[EventCountry "CAN"]

1. e4 e6 2. d4 d5 3. e5 c5 4. c3 Nc6 5. Nf3 Qb6 6. a3 cxd4 7. cxd4 Nge7 8. Nc3 Nf5 9. Bb5 Be7 10. Bxc6+ bxc6 11. O-O Bd7 12. b4 a5 13. Na4 Qb5 14. bxa5 Qxa5 15. Nb2 Qc3 16. Rb1 Qxa3 17. Na4 Qxa4 18. Qxa4 Rxa4 19. g4 Nxd4 20. Rb8+ Bd8 21. Nxd4 Rxd4 22. f3 O-O 0-1

[Event "Annex CC Seeing Shadows U1800"]
[Site "Toronto CAN"]
[Date "2026.01.12"]
[Round "1.22"]
[White "Dugre, Ryan"]
[Black "Moisseev, Alexander"]
[Result "1-0"]
[WhiteElo "1611"]
[BlackElo "1487"]
[WhiteFideId "-1"]
[BlackFideId "-1"]
[PlyCount "75"]
[GameId "2276346874926507"]
[EventDate "2026.01.12"]
[EventType "swiss"]
[EventRounds "5"]
[EventCountry "CAN"]

1. e4 d5 2. exd5 Qxd5 3. Nc3 Qa5 4. g3 Nf6 5. Bg2 c6 6. Nge2 Bg4 7. h3 Bh5 8. O-O e6 9. d3 Bd6 10. Be3 Nbd7 11. a3 a6 12. b4 Qc7 13. Qd2 O-O 14. Nf4 Ne5 15. Nxh5 Nxh5 16. Ne4 Nd7 17. Nxd6 Qxd6 18. Rab1 Rfe8 19. Qe2 Nhf6 20. Bc1 Nd5 21. Bb2 Qe7 22. Rfe1 N7f6 23. c4 Nb6 24. Bd4 Nbd7 25. a4 Qd6 26. Ba1 Rad8 27. c5 Qe7 28. d4 Nd5 29. Bxd5 cxd5 30. b5 Ra8 31. Bc3 Qf6 32. Qd3 Reb8 33. bxa6 Rxa6 34. Rxb7 Rxb7 35. Qxa6 Rb8 36. Qa7 Qd8 37. c6 Rc8 38. Qxd7 1-0

[Event "Annex CC Seeing Shadows U1800"]
[Site "Toronto CAN"]
[Date "2026.01.12"]
[Round "1.21"]
[White "Antonov, Alexei"]
[Black "Hauer, Leo"]
[Result "1-0"]
[WhiteElo "1492"]
[BlackElo "1617"]
[WhiteFideId "-1"]
[BlackFideId "-1"]
[PlyCount "95"]
[GameId "2276348201276851"]
[EventDate "2026.01.12"]
[EventType "swiss"]
[EventRounds "5"]
[EventCountry "CAN"]

1. e4 e5 2. d3 Nf6 3. f4 Nc6 4. Nf3 d6 5. f5 b6 6. c3 Nd7 7. Bg5 Be7 8. h4 Bb7 9. g4 Nf6 10. Bh3 h6 11. Be3 d5 12. Nbd2 Bc5 13. Bxc5 bxc5 14. Qe2 d4 15. c4 Qe7 16. O-O-O Rb8 17. g5 Nh5 18. Bg4 Ng3 19. Qh2 Nxh1 20. Rxh1 f6 21. Bh5+ Kd8 22. gxf6 gxf6 23. a3 Kd7 24. Rg1 Ba6 25. Nf1 Rb3 26. Qd2 Qf8 27. N3h2 Ne7 28. Bd1 Rb6 29. Ba4+ c6 30. Ng4 Ng8 31. Ng3 Qb8 32. Nh5 Ke7 33. Ng7 Rxb2 34. Qxb2 Qxb2+ 35. Kxb2 h5 36. Nf2 Nh6 37. Ne6 Kd6 38. Rg6 Ng4 39. Nxg4 hxg4 40. Rxg4 Bc8 41. Ng7 Rg8 42. h5 Rh8 43. Bd1 Bd7 44. Rg6 Ke7 45. h6 Be8 46. Nxe8 Kxe8 47. Rxf6 Ke7 48. Rxc6 1-0

[Event "Annex CC Seeing Shadows U1800"]
[Site "Toronto CAN"]
[Date "2026.01.12"]
[Round "1.19"]
[White "Mickelson, Jonah"]
[Black "Sikka, Raghav"]
[Result "1-0"]
[WhiteElo "1670"]
[BlackElo "1635"]
[WhiteFideId "-1"]
[BlackFideId "-1"]
[PlyCount "121"]
[GameId "2276350235572608"]
[EventDate "2026.01.12"]
[EventType "swiss"]
[EventRounds "5"]
[EventCountry "CAN"]

1. e4 c5 2. c3 d5 3. exd5 Nf6 4. c4 e6 5. dxe6 Bxe6 6. Nf3 Nc6 7. Be2 Bd6 8. Nc3 O-O 9. O-O Re8 10. Nb5 Bf8 11. d4 cxd4 12. Nbxd4 Bg4 13. Nxc6 bxc6 14. Be3 Qc7 15. Qc2 Bh5 16. h3 Rad8 17. Rfd1 Bg6 18. Qa4 a5 19. Nh4 Be4 20. Bf3 Rb8 21. Bd2 Rxb2 22. Qxa5 Qb7 23. Bc3 Bb4 24. Bxb4 Rxb4 25. Rd8 Rb1+ 26. Rxb1 Qxb1+ 27. Kh2 Bxf3 28. Nxf3 Qe4 29. Rxe8+ Qxe8 30. Qe5 Qa8 31. a4 h6 32. a5 Qa6 33. Qb8+ Kh7 34. Qb4 Ne4 35. Kg1 g6 36. c5 Qe2 37. Qd4 Qc2 38. a6 Qc1+ 39. Kh2 Qf4+ 40. Kh1 Qc1+ 41. Ng1 Qf4 42. a7 Nxf2+ 43. Qxf2 Qxf2 44. a8=Q Qxc5 45. Qa2 Kg7 46. Nf3 Qc1+ 47. Kh2 Qf4+ 48. Kg1 c5 49. Qc2 c4 50. Qc3+ Kg8 51. Nd2 h5 52. Nxc4 h4 53. Nd2 Qf5 54. Nf3 Qd7 55. Qe1 Qa7+ 56. Kh1 Qc5 57. Nxh4 Qd4 58. Nf3 Qd3 59. Qe8+ Kg7 60. Qxf7+ Kh6 61. Qf8+ 1-0

[Event "British Columbia Chess Cup"]
[Site "Burnaby CAN"]
[Date "2026.01.10"]
[Round "1.1"]
[White "Pham, Bich Ngoc"]
[Black "Doroshenko, Dasha"]
[Result "1-0"]
[WhiteElo "2309"]
[BlackElo "1862"]
[WhiteFideId "-1"]
[BlackFideId "-1"]
[PlyCount "95"]
[GameId "2278592749690777"]
[EventDate "2026.01.10"]
[EventType "swiss"]
[EventRounds "5"]
[EventCountry "CAN"]

1. Nf3 Nf6 2. g3 b6 3. c4 c5 4. Bg2 Bb7 5. O-O e6 6. Nc3 Be7 7. Re1 d5 8. cxd5 exd5 9. d4 O-O 10. dxc5 bxc5 11. b3 d4 12. Na4 Nd5 13. Ba3 Nd7 14. Rc1 Rc8 15. Qd2 N5b6 16. Nb2 Nf6 17. Qa5 Nfd7 18. e3 dxe3 19. Rxe3 Nd5 20. Qxd8 Rfxd8 21. Ree1 N7b6 22. Ne5 Ba8 23. Ned3 Bg5 24. Rxc5 Rxc5 25. Bxc5 h6 26. a4 Bd2 27. Re2 Bc3 28. Nd1 Bf6 29. a5 Nc8 30. Rd2 Bg5 31. f4 Be7 32. Bxe7 Ncxe7 33. Nb4 Kh7 34. Nc3 Rb8 35. Ncxd5 Nxd5 36. Nxd5 Rxb3 37. Nf6+ gxf6 38. Bxa8 Rb1+ 39. Kg2 Ra1 40. Be4+ Kg7 41. Rd5 Ra2+ 42. Kh3 Ra4 43. Bd3 Ra3 44. a6 Rb3 45. Rd7 Ra3 46. Bc4 Kg6 47. Bxf7+ Kf5 48. Rxa7 1-0